Funding to help homeowners (Record no. 81016)

MARC details
000 -LEADER
fixed length control field 01041cad a22002055a 4500
001 - CONTROL NUMBER
control field E146080
008 - FIXED-LENGTH DATA ELEMENTS--GENERAL INFORMATION
fixed length control field 081208e20081208xxk s000 0 eng d
035 ## - SYSTEM CONTROL NUMBER
System control number (Sirsi) u146080
041 0# - LANGUAGE CODE
Language code of text/sound track or separate title eng
110 2# - MAIN ENTRY--CORPORATE NAME
Corporate name or jurisdiction name as entry element Scotland
Subordinate unit Scottish Government
9 (RLIN) 5344
245 00 - TITLE STATEMENT
Title Funding to help homeowners
Medium [electronic resource]
260 ## - PUBLICATION, DISTRIBUTION, ETC.
Date of publication, distribution, etc. 2008
490 ## - SERIES STATEMENT
Series statement Scottish Government News Release
Volume/sequential designation 8 December 2008
520 ## - SUMMARY, ETC.
Summary, etc. In response to increased demand, the Scottish Government is allocating an additional £5m this year to its existing Mortgage to Rent scheme. The scheme assists those in danger of having their homes repossessed by allowing them to remain in their home as tenants of a social landlord. The increase brings total investment in the scheme this year to £15m.
590 ## - LOCAL NOTE (RLIN)
Local note KA
651 #4 - SUBJECT ADDED ENTRY--GEOGRAPHIC NAME
Geographic name Scotland
690 ## - LOCAL SUBJECT ADDED ENTRY--TOPICAL TERM (OCLC, RLIN)
Topical term or geographic name as entry element PROPERTY-RESIDENTIAL PROPERTY-DOMESTIC RESIDENTIAL PROPERTY-HOUSING
856 40 - ELECTRONIC LOCATION AND ACCESS
Uniform Resource Identifier <a href="https://www.scotland.gov.uk/News/Releases/2008/12/08081953">https://www.scotland.gov.uk/News/Releases/2008/12/08081953</a>
Public note View the news release free of charge at www.scotland.gov.uk...
942 ## - ADDED ENTRY ELEMENTS (KOHA)
Suppress in OPAC 0
Holdings
Withdrawn status Lost status Source of classification or shelving scheme Damaged status Not for loan Home library Current library Shelving location Date acquired Total Checkouts Full call number Barcode Date last seen Copy number Price effective from Koha item type
    Dewey Decimal Classification     Virtual Virtual Online 08/12/2008   ONLINE PUBLICATION 146080-2001 06/08/2019 1 06/08/2019 Journal article